00607nam a22001697a 450000500170000001000170001702000260003403500170006003700170007708200080009410000170010224500870011926000400020627000930024630000370033950000610037620140402110639.0 aB-529762-789 a9788183577441c325.00 aB-529762-789 adplbUBH/Ven a000 aSharma, J.K. aIBPS Clerical Cadre Recruitment:bcommon written examination (CWE)/cby J.K.Sharma aNew Delhib Unique Publishersc2014 a4574/15, Padam Chand Marg (Opp.Happy School), Ansari Road, Daryaganj,bNew Delhie110002 avarious pages.:bill.c23cm(pbk) aAccording to the latest syllabus and examination pattern